Study guide for lipsey and Ragan Macroeconomics/ (Record no. 9116)

MARC details
000 -LEADER
fixed length control field 00451nam a22001697a 4500
003 - CONTROL NUMBER IDENTIFIER
control field OSt
005 - DATE AND TIME OF LATEST TRANSACTION
control field 20240709124935.0
008 - FIXED-LENGTH DATA ELEMENTS--GENERAL INFORMATION
fixed length control field 240709b |||||||| |||| 00| 0 eng d
020 ## - INTERNATIONAL STANDARD BOOK NUMBER
International Standard Book Number 0201664720
040 ## - CATALOGING SOURCE
Transcribing agency MUST
082 ## - DEWEY DECIMAL CLASSIFICATION NUMBER
Classification number 339 FUR 2001
100 ## - MAIN ENTRY--PERSONAL NAME
Personal name Furlong, William J
9 (RLIN) 18549
245 ## - TITLE STATEMENT
Title Study guide for lipsey and Ragan Macroeconomics/
Statement of responsibility, etc. Willian J Furlong
300 ## - PHYSICAL DESCRIPTION
Extent vi,573p.
Other physical details ill.
Dimensions 25cm
650 ## - SUBJECT ADDED ENTRY--TOPICAL TERM
Source of heading or term macroeconomics
942 ## - ADDED ENTRY ELEMENTS (KOHA)
Source of classification or shelving scheme Dewey Decimal Classification
Koha item type Open Shelf
Holdings
Withdrawn status Lost status Source of classification or shelving scheme Damaged status Not for loan Home library Current library Date acquired Source of acquisition Inventory number Total Checkouts Full call number Barcode Date last seen Price effective from Koha item type
    Dewey Decimal Classification     MUST Main Library MUST Main Library 09/07/2024 Purchase 05/24140   339 FUR 2001 2024-21870 09/07/2024 09/07/2024 Open Shelf